Normal view
MARC view
- Opera programs
Entry Genre/Form Term
001 - CONTROL NUMBER
- control field: 11202
003 - CONTROL NUMBER IDENTIFIER
- control field: NUST
005 - DATE AND TIME OF LATEST TRANSACTION
- control field: 20180625061717.0
008 - FIXED-LENGTH DATA ELEMENTS
- fixed length control field: 180625|| aca||aabn | a|a d
040 ## - CATALOGING SOURCE
- Original cataloging agency: NUST
- Transcribing agency: NUST
155 ## - HEADING--GENRE/FORM TERM
- Genre/form term: Opera programs
- Geographic subdivision: Washington (D.C.)
670 ## - SOURCE DATA FOUND
- Source citation: Work cat.: (NUST)0: Shakespeare, William 11199, Macbeth. /, 1973.
